000 00654nam a2200193Ia 4500
003 GCL
008 140319s9999 xx 000 0 ara d
040 _aGCL /
_cGCL
082 0 4 _a001.6424
_bخ م
100 1 _aخالد ابو الفتوح فضالة
245 1 0 _aمدخلك الى الحاسب الالى ونظام التشغيل MS-DOS VER 6.00 /
_cخالد ابو الفتوح فضالة
260 _a[S.N] :
_bسوزانا للنشر ،
_c1991
300 _a604 ص
490 _a
650 0 4 _aالحاسبات الالكترونية
650 0 4 _aدوس
650 0 4 _aبرامج الحاسبات الالكترونية
942 _2ddc
_cBK
999 _c52793
_d52793